00238nam a22000977a 4500082001600000100001800016245003700034260004400071300000800115650001700123 a808.696 KOB aKobler, Franz aLetters of Jews Through the Ages aLondonbArarat Publishing Societyc1953 a670 aLetters-Jews